| 000 | 00539nam a22001697a 4500 | ||
|---|---|---|---|
| 003 | NUST | ||
| 038 | _aNusrat Nadeem | ||
| 082 | _a200 | ||
| 100 |
_aBabri, Usman Muhammad _9123743 |
||
| 245 |
_aTightly Coupled Integration of GNSS and IMU sensor/ _cUsman Muhammad Babri |
||
| 264 |
_aIslamabad; _bSEECS NUST; _c2024. |
||
| 300 |
_a97,p; _bill; _c30,cm; |
||
| 650 |
_aMS-Electrical Engineering _923567 |
||
| 700 |
_aSupervisor: Dr. Rizwan Ahmad _997238 |
||
| 856 | _u http://10.250.8.41:8080/xmlui/handle/123456789/44118 | ||
| 942 |
_2ddc _cSC |
||
| 999 |
_c609832 _d609832 |
||